00000000nas 2200000zi 4500
0019.905985
003CaOODSP
00520231129100507
006m     o  d f      
007cr |||||||||||
008211214c20219999oncar p o    f0###a0eng|d
022 |a2564-4815
040 |aCaOODSP|beng|erda|cCaOODSP
043 |an-cn---
0861 |aCR1-20E-PDF
1102 |aStrengthening Indigenous Research Capacity (Canada)|eauthor, |eissuing body.
222 0|aProgress report |b(Strengthening Indigenous Research Capacity (Canada))
24510|a... progress report / |cStrengthening Indigenous Research Capacity.
264 1|a[Ottawa] : |b[Canada Research Coordinating Committee], |c[2021]-
310 |aAnnual
336 |atext|2rdacontent
337 |acomputer|2rdamedia
338 |aonline resource|2rdacarrier
3621 |aBegan with 2020-21.
500 |aIssued also in French under title: Rapport d'étape ...
588 |aDescription based on: 2020/2021.
588 |aLatest issue consulted: 2020/2021.
61020|aStrengthening Indigenous Research Capacity (Canada)|vPeriodicals.
650 0|aIndigenous peoples|xResearch|zCanada|vPeriodicals.
650 0|aInterdisciplinary research|xGovernment policy|zCanada|vPeriodicals.
650 0|aFederal aid to research|zCanada|vPeriodicals.
655 7|aPeriodicals|2lcgft
77508|tRapport d'étape ... / |w(CaOODSP)9.905986